000 00997nam a2200265 a 4500
001 000023584
005 20200930022327.0
008 101214s1996 mx a r 001 0 spa d
020 _a9706370501
040 _aDO-SdBNP
_bspa
_cBNPHU
041 1 7 _aspa
_heng
_2Código de idiomas MARC
082 _annnn
_bW132c
100 1 _aWagner, Travis,
_948612
240 1 0 _aIn our backyard: a guide to understanding pollution and its effects.
_lEspañol.
245 1 0 _aContaminación, causas y efectos /
_cTravis Wagner ; traducción de Ana Isabel Stellino.
260 _aMéxico :
_bGernika,
_c1996.
300 _a423 p. :
_bil. ;
_c21 cm.
490 1 _aEcología
_v5
500 _aIncluye índice
504 _aIncluye referencias bibliográficas y notas al pie de las páginas.
534 _pTítulo original en inglés:
_tIn our backyard: a guide to understanding pollution and its effects.
_c1993
700 1 _aStellino, Ana Isabel,
_etr.
_96685
830 0 _aEcología ;
_v5
_947393
049 _aBNGR
999 _c23080
_d23080